| 000 | 00924nam a2200253 i 4500 | ||
|---|---|---|---|
| 001 | 9059 | ||
| 003 | ES-MaACL | ||
| 005 | 20230906145608.0 | ||
| 007 | t| | ||
| 008 | 930202s1991 sp |||| | spa d | ||
| 020 | _a84-249-1451-1 | ||
| 080 | _a8.085 | ||
| 100 | 1 |
_aLuzán, Ignacio de. _974905 |
|
| 245 | 1 | 0 |
_aArte de hablar, o sea, retórica de las conversaciones _b: se añaden Los Avisos de Isócrates a Demónico, traducidos del griego / _cIgnacio Luzán ; edición, introducción y notas de Manuel Béjar Hurtado. |
| 260 |
_aMadrid : _bGredos, _cD.L. 1991. |
||
| 300 |
_a230 p. ; _c25 cm. |
||
| 490 | 1 |
_aBiblioteca románica hispánica. IV. Textos ; _v20 |
|
| 650 | 4 |
_aOratoria. _915732 |
|
| 700 | 1 |
_aIsócrates. _965584 |
|
| 700 | 1 |
_aBéjar Hurtado, Manuel, _eed. lit. _9178361 |
|
| 830 | 0 |
_aBiblioteca románica hispánica. IV. Textos ; _v20 _9178362 |
|
| 852 |
_aES-MaACL _jL-16303 |
||
| 999 |
_c9059 _d9059 |
||